Useless Knowledge Quiz Stats

Quiz not verified by Sporcle

Challenge
Share
Tweet
Embed
Score 0/53 Timer 12:00
0 Plays Today
% Correct
Kenny McCormick
74.7%
Kyle Broflovski
66.1%
Stan Marsh
66.1%
Species
55.7%
Sonia Sotomayor
55.7%
Boston Bruins
54%
New York Rangers
53.4%
Kingdom
52.3%
Genus
51.7%
Antonin Scalia
51.7%
Toronto Maple Leafs
50.6%
Clarence Thomas
50.6%
Eric Cartman
50%
Detroit Red Wings
49.4%
Peyton Manning
48.9%
Montreal Canadiens
47.7%
Chicago Blackhawks
47.1%
Phylum
46%
Class
43.1%
Family
42.5%
Glazed Ham
40.8%
Chris Johnson
39.7%
Order
39.1%
Leopola Butters Stotch
34.5%
Drew Brees
30.5%
Late Registration
23.6%
Ruth Bader Ginsburg
23%
% Correct
Colorado
23%
Arizona
21.8%
Utah
21.3%
Andy
20.7%
Mustard
20.1%
The College Dropout
20.1%
Graduation
19.5%
Darelle Revis
18.4%
John Roberts
18.4%
Anthony Kennedy
18.4%
Chunk
17.2%
Elena Kagan
17.2%
Roast Pork
16.1%
Brand
16.1%
Pickles
14.9%
Data
14.4%
Mouth
13.2%
Stephen Breyer
12.6%
808s & Heartbreak
12.1%
Patrick Willis
10.9%
\New Mexico
10.3%
My Beautiful Dark Twisted Fantasy
9.8%
Stef
9.2%
Samuel Alito
9.2%
Mikey
8.6%
Jared Allen
7.5%

You're not logged in!

Compare scores with friends on all Sporcle quizzes.
Sign Up with Email
OR
Log In

You Might Also Like...

Show Comments

Extras

Top Quizzes Today


Score Distribution

Your Account Isn't Verified!

In order to create a playlist on Sporcle, you need to verify the email address you used during registration. Go to your Sporcle Settings to finish the process.